[Event "Kasseler Schachtage Gruppe B"]
[Site "Vellmar"]
[Date "2009.08.02"]
[Round "6.6"]
[White "Gibhardt, Peter"]
[Black "Rother, Wilfried"]
[Result "1-0"]
[WhiteElo "1487"]
[BlackElo "1553"]
[PlyCount "81"]
[EventDate "2009.??.??"]
[EventCountry "GER"]
[WhiteTeam "SK Baunatal 1963"]
[BlackTeam "SK 1950 Vellmar"]

1. e4 c5 2. Nf3 Nc6 3. d4 cxd4 4. Nxd4 Nf6 5. Nc3 a6 6. Be3 e5 7. Nf5 d6 8. Ng3
h5 9. h4 Be7 10. Nd5 Nxd5 11. exd5 Na5 12. b4 Bxh4 13. bxa5 Bxg3 14. fxg3 Qxa5+
15. Qd2 Qd8 16. Be2 b5 17. g4 h4 18. O-O-O b4 19. Qxb4 Bd7 20. Qb6 Qe7 21. Qb7
O-O 22. Qb4 Rfb8 23. Qd2 Bb5 24. Bg5 f6 25. Bxh4 Qb7 26. Bd3 Ba4 27. Qe2 Qb2+
28. Kd2 Rc8 29. Qe4 Qc3+ 30. Ke2 Bxc2 31. Bxc2 Qxc2+ 32. Qxc2 Rxc2+ 33. Rd2 Rc4
34. Kf3 Rf4+ 35. Ke3 Rxg4 36. Be1 a5 37. Rh4 Rg6 38. Rc4 a4 39. Rc6 f5 40. Rdc2
Kh7 41. Bb4 {Nach weiteren Zügen.} 1-0

[Event "Kasseler Schachtage Gruppe B"]
[Site "Vellmar"]
[Date "2009.08.02"]
[Round "6.7"]
[White "Kirsch, Winfried"]
[Black "Smirnov, Alexej"]
[Result "1-0"]
[WhiteElo "1514"]
[BlackElo "1334"]
[PlyCount "135"]
[EventDate "2009.??.??"]
[EventCountry "GER"]
[WhiteTeam "Mündener SC von 1925"]
[BlackTeam "SV Bückeburg"]

1. e4 c5 2. Nf3 d6 3. d4 cxd4 4. Nxd4 Nf6 5. Nc3 a6 6. f3 e5 7. Nb3 Be6 8. Be3
b5 9. Qd2 Nbd7 10. Be2 Nb6 11. O-O Nc4 12. Bxc4 bxc4 13. Nc1 Rb8 14. b3 Be7 15.
N1e2 O-O 16. Rfd1 Qa5 17. Nd5 Qd8 18. Nxf6+ gxf6 19. f4 f5 20. fxe5 dxe5 21.
Qe1 Qc7 22. Bh6 Kh8 23. Bxf8 Bxf8 24. exf5 Bc5+ 25. Kh1 Bxf5 26. Qh4 Bxc2 27.
Rdc1 cxb3 28. axb3 Bd3 29. Qf6+ Kg8 30. Ng3 Qd6 31. Qxd6 Bxd6 32. Rd1 Rxb3 33.
h3 e4 34. Nf5 Ba3 35. Kh2 a5 36. h4 Rc3 37. h5 Kf8 38. g4 f6 39. Rd2 Kf7 40.
Ne3 Bc1 41. Rxc1 Rxc1 42. Kg3 Ke6 43. Ra2 Rc5 44. Kf2 Kd6 45. Nf5+ Kc6 46. Nd4+
Kd5 47. Nb3 Bc4 48. Rd2+ Bd3 49. Nxc5 Kxc5 50. Ke3 Kc4 51. Rf2 a4 52. Rxf6 a3
53. Ra6 Kb3 54. Ra7 a2 55. g5 Kb2 56. h6 Bc4 57. Kxe4 Bb3 58. Ke5 a1=Q 59. Rxa1
Kxa1 60. g6 Bg8 61. g7 Kb2 62. Kf6 Kc3 63. Ke7 Kd4 64. Kf8 Ba2 65. g8=Q Bxg8
66. Kxg8 Ke5 67. Kxh7 Kf6 68. Kg8 1-0

[Event "Kasseler Schachtage Gruppe B"]
[Site "Vellmar"]
[Date "2009.08.02"]
[Round "6.8"]
[White "Kretzschmar, Arnd"]
[Black "Rehbein, Ullrich"]
[Result "0-1"]
[WhiteElo "1316"]
[BlackElo "1724"]
[PlyCount "82"]
[EventDate "2009.??.??"]
[EventCountry "GER"]
[WhiteTeam "SG Döllnitz"]
[BlackTeam "SK 1950 Vellmar"]

1. e4 g6 2. d4 Bg7 3. Nf3 d6 4. Nc3 Nf6 5. Bd3 O-O 6. Be3 Na6 7. e5 dxe5 8.
Nxe5 c5 9. dxc5 Nd5 10. Nxd5 Qxd5 11. Nf3 Nxc5 12. Bxc5 Qxc5 13. c3 Bg4 14. O-O
Rad8 15. Qe2 Qd5 16. Be4 Qe6 17. Rfe1 Rd7 18. h3 Bxf3 19. Bxf3 Qb6 20. Qc2 Rfd8
21. Rad1 Bf6 22. Rxd7 Rxd7 23. Rd1 Rxd1+ 24. Bxd1 Bh4 25. g3 Bxg3 26. Kg2 Bd6
27. Bf3 Qb5 28. Qd2 b6 29. Be2 Qe5 30. Kf1 Qh2 31. Bg4 Qh1+ 32. Ke2 Qe4+ 33.
Kf1 Qb1+ 34. Kg2 Qxa2 35. Bf3 Qe6 36. Bg4 Qe5 37. Kf1 Qf4 38. Qd1 b5 39. b4
Qc4+ 40. Be2 Qxc3 41. Bxb5 Qxh3+ 0-1

[Event "Kasseler Schachtage Gruppe B"]
[Site "Vellmar"]
[Date "2009.08.02"]
[Round "6.9"]
[White "Benedikt, Alexander"]
[Black "Kartseva, Nataly"]
[Result "1-0"]
[WhiteElo "1464"]
[BlackElo "1348"]
[PlyCount "113"]
[EventDate "2009.??.??"]
[EventCountry "GER"]
[WhiteTeam "SK 1950 Vellmar"]
[BlackTeam "Schachfreunde Brackel 1930 e.V."]

1. e4 d5 2. e5 d4 3. Bc4 e6 4. Nf3 b6 5. d3 Bb7 6. O-O h6 7. Bf4 g5 8. Bg3 Ne7
9. Nbd2 Nf5 10. h3 Nxg3 11. fxg3 Bg7 12. Qe2 Nc6 13. Bb5 Qd7 14. Nb3 O-O 15.
Bxc6 Qxc6 16. Rae1 Qa4 17. a3 c5 18. Nh2 Bd5 19. Qh5 Qe8 20. Ng4 f5 21. Qxe8
Raxe8 22. Nh2 Rf7 23. Nd2 Bf8 24. g4 Bg7 25. b3 b5 26. Rf2 Rb8 27. Ndf1 f4 28.
Nd2 Bf8 29. Ne4 Bxe4 30. Rxe4 a5 31. Re1 Rfb7 32. Rb1 Be7 33. Nf3 Bd8 34. Rff1
Kf8 35. Kf2 Ke7 36. Rfc1 Kd7 37. g3 Be7 38. gxf4 gxf4 39. Rg1 Rg8 40. Nd2 Bh4+
41. Kf1 Bg5 42. Ne4 Kc6 43. Rh1 Rf8 44. h4 Bd8 45. Re1 Be7 46. g5 h5 47. Nf6
Rf7 48. Nxh5 Rf5 49. Nf6 Bxf6 50. exf6 Kd5 51. Rg1 e5 52. g6 Rb8 53. f7 Ke6 54.
Rg5 Rxg5 55. hxg5 Rf8 56. Rxe5+ Kxe5 57. g7 1-0

[Event "Kasseler Schachtage Gruppe B"]
[Site "Vellmar"]
[Date "2009.08.02"]
[Round "6.10"]
[White "Pichl, Uwe-Rolf"]
[Black "Engel, Markus"]
[Result "1-0"]
[WhiteElo "1770"]
[BlackElo "1390"]
[PlyCount "59"]
[EventDate "2009.??.??"]
[EventCountry "GER"]
[WhiteTeam "Kasseler SK 1876"]
[BlackTeam "Kasseler SK 1876"]

1. Nf3 c5 2. d4 cxd4 3. Nxd4 e5 4. Nb5 Qa5+ 5. N1c3 Nc6 6. Nd6+ Bxd6 7. Qxd6
Nd4 8. Kd1 Nf5 9. Qd3 Nge7 10. e4 Nd4 11. Be3 Nec6 12. Nd5 O-O 13. c3 Ne6 14.
h4 d6 15. h5 h6 16. Qd2 Qa4+ 17. b3 Qxe4 18. Bxh6 Qh7 19. Be3 f5 20. f4 e4 21.
Bc4 Kh8 22. Kc2 Rb8 23. b4 b5 24. Bb3 a5 25. a3 a4 26. Ba2 Bb7 27. Rag1 Ncd8
28. Ne7 Rf7 29. Ng6+ Kg8 30. Qxd6 1-0

[Event "Kasseler Schachtage Gruppe B"]
[Site "Vellmar"]
[Date "2009.08.02"]
[Round "6.11"]
[White "Kowohl, Ewald"]
[Black "Powalla, Christian"]
[Result "0-1"]
[WhiteElo "1178"]
[BlackElo "1455"]
[PlyCount "87"]
[EventDate "2009.??.??"]
[EventCountry "GER"]
[WhiteTeam "SK 1947 Sulzfeld"]
[BlackTeam "SV CAISSA e. V. Kassel"]

1. c4 e5 2. Nc3 Nc6 3. g3 Bc5 4. Bg2 Nge7 5. Nf3 O-O 6. e3 Ng6 7. d4 exd4 8.
exd4 Bb4 9. Bd2 Bxc3 10. bxc3 Re8+ 11. Be3 d6 12. O-O Rb8 13. Nd2 Bd7 14. Rb1
b6 15. Bd5 Nce7 16. Bg2 Nf5 17. Qf3 Nxe3 18. fxe3 f6 19. Ne4 Qe7 20. Rbe1 Qf7
21. Ng5 Qxc4 22. Qd5+ Qxd5 23. Bxd5+ Kf8 24. Bf7 Re7 25. Bxg6 hxg6 26. Rf4 Kg8
27. Ne4 g5 28. Nxf6+ gxf6 29. Rxf6 Rf7 30. Rg6+ Rg7 31. Rf6 Rf8 32. Rf2 Rxf2
33. Kxf2 Rf7+ 34. Kg2 g4 35. e4 Kf8 36. d5 Rf3 37. Rf1 Rxf1 38. Kxf1 Kf7 39.
Kf2 Kf6 40. Ke3 Ke5 41. a3 Ba4 42. c4 Bc2 43. a4 Bxa4 44. Kd3 0-1

[Event "Kasseler Schachtage Gruppe B"]
[Site "Vellmar"]
[Date "2009.08.02"]
[Round "6.12"]
[White "Kleist, Sören"]
[Black "Meiss, Sven"]
[Result "1/2-1/2"]
[WhiteElo "1328"]
[BlackElo "1372"]
[PlyCount "32"]
[EventDate "2009.??.??"]
[EventCountry "GER"]
[WhiteTeam "SV Bückeburg"]
[BlackTeam "Ahnataler SC 1969 e.V. (ASC69)"]

1. e4 e5 2. Nf3 Nc6 3. d4 exd4 4. Nxd4 Qf6 5. Be3 Bc5 6. c3 Nge7 7. Bb5 O-O 8.
O-O a6 9. Ba4 b5 10. Bc2 Bb7 11. Qh5 Qe5 12. Nf5 Nxf5 13. Bxc5 Qxc5 14. exf5
Nd4 15. Bd3 Nc6 16. Qh4 Qd5 1/2-1/2

[Event "Kasseler Schachtage Gruppe B"]
[Site "Vellmar"]
[Date "2009.08.02"]
[Round "6.14"]
[White "Weindel, Joshua"]
[Black "Krause, Jörg"]
[Result "1/2-1/2"]
[WhiteElo "1194"]
[BlackElo "1081"]
[PlyCount "102"]
[EventDate "2009.??.??"]
[EventCountry "GER"]
[WhiteTeam "SK Landau"]
[BlackTeam "Mündener SC von 1925"]

1. d4 Nf6 2. Bf4 g6 3. e3 Bg7 4. Nd2 d5 5. h3 Bf5 6. Ngf3 Nbd7 7. Ne5 O-O 8.
Be2 c5 9. c3 cxd4 10. cxd4 Qa5 11. g4 Be6 12. Kf1 Nxe5 13. Bxe5 Ne4 14. Nb3 Qb6
15. Bxg7 Kxg7 16. Bd3 Bd7 17. Bxe4 dxe4 18. Nc5 Qb5+ 19. Kg1 Bc6 20. Rb1 b6 21.
a4 Qb4 22. Na6 Qxa4 23. Qxa4 Bxa4 24. b3 Bc6 25. Nb4 Rac8 26. Ra1 a5 27. Nxc6
Rxc6 28. Kg2 Rfc8 29. Rab1 Rc2 30. b4 e6 31. bxa5 bxa5 32. Ra1 Ra8 33. h4 f6
34. Rhb1 Ra7 35. Ra4 h5 36. gxh5 gxh5 37. Rb5 Kg6 38. Raxa5 Rxa5 39. Rxa5 f5
40. Ra6 Kf6 41. d5 Rd2 42. dxe6 Rd8 43. e7+ Kxe7 44. Rh6 Kf7 45. Rxh5 Kg6 46.
Rg5+ Kf6 47. Kg3 Rd2 48. f3 Rd3 49. Kf4 exf3 50. Kxf3 Rd1 51. e4 fxe4+ 1/2-1/2

[Event "Kasseler Schachtage Gruppe B"]
[Site "Vellmar"]
[Date "2009.08.02"]
[Round "6.15"]
[White "Schützler, Bernd"]
[Black "Kaierle, Dieter"]
[Result "0-1"]
[WhiteElo "1081"]
[BlackElo "1394"]
[PlyCount "74"]
[EventDate "2009.??.??"]
[EventCountry "GER"]
[WhiteTeam "SVg Calenberg"]
[BlackTeam "SC Fuldatal"]

1. e4 e5 2. Nf3 Nc6 3. Nc3 Bc5 4. Nxe5 Bxf2+ 5. Kxf2 Nxe5 6. d4 Ng6 7. Bc4 c6
8. Qf3 d5 9. exd5 Qh4+ 10. g3 Qxd4+ 11. Qe3+ Qxe3+ 12. Bxe3 Ne5 13. Be2 Nf6 14.
Bf4 Neg4+ 15. Bxg4 Nxg4+ 16. Kg2 f5 17. Rhe1+ Kf7 18. h3 Nf6 19. d6 Be6 20. b3
Rad8 21. Ne2 Bd5+ 22. Kh2 c5 23. a3 Rhe8 24. b4 c4 25. Nd4 Rxe1 26. Rxe1 Be4
27. c3 Ne8 28. Nb5 a6 29. Nd4 Nxd6 30. a4 Ne8 31. g4 g6 32. Kg3 Rd7 33. Kh4 Nf6
34. gxf5 gxf5 35. Kg5 Rd8 36. Be5 Rg8+ 37. Kf4 Nd5# 0-1

[Event "Kasseler Schachtage Gruppe B"]
[Site "Vellmar"]
[Date "2009.08.02"]
[Round "6.16"]
[White "Breiter, Jürgen"]
[Black "Karnbach, Oliver"]
[Result "0-1"]
[WhiteElo "1353"]
[BlackElo "1213"]
[PlyCount "84"]
[EventDate "2009.??.??"]
[EventCountry "GER"]
[WhiteTeam "Kasseler SK 1876"]
[BlackTeam "SV Bückeburg"]

1. Nf3 Nf6 2. d4 d5 3. e3 Bf5 4. Nbd2 e6 5. Nh4 Bg4 6. Be2 Bxe2 7. Qxe2 Bd6 8.
h3 c5 9. Qb5+ Qd7 10. Qxd7+ Nbxd7 11. Nhf3 O-O 12. O-O Rfc8 13. c3 c4 14. b3
cxb3 15. axb3 Rxc3 16. Ba3 Bxa3 17. Rxa3 h6 18. Rfa1 a6 19. b4 Rxa3 20. Rxa3
Rc8 21. Ra1 Nb8 22. Ne5 Rc2 23. Nef3 Rb2 24. Rb1 Rxb1+ 25. Nxb1 Nc6 26. b5 axb5
27. Nfd2 Ne8 28. Nb3 b6 29. Kf1 Kf8 30. Ke2 Nd6 31. f3 Na5 32. N3d2 Ndc4 33. e4
Nxd2 34. Kxd2 Ke7 35. Kc3 Nc6 36. g4 g5 37. Nd2 b4+ 38. Kd3 Na5 39. Kc2 Kd6 40.
Nb3 Kc6 41. e5 Nxb3 42. Kxb3 Kb5 0-1

[Event "Kasseler Schachtage Gruppe B"]
[Site "Vellmar"]
[Date "2009.08.02"]
[Round "7.1"]
[White "Rempe, Moritz"]
[Black "Wagner, Andreas"]
[Result "1-0"]
[WhiteElo "1330"]
[BlackElo "1781"]
[PlyCount "109"]
[EventDate "2009.??.??"]
[EventCountry "GER"]
[WhiteTeam "LSV/ Turm Lippstadt 96"]
[BlackTeam "SK 1950 Vellmar"]

1. e4 c5 2. Nf3 Nc6 3. Bc4 e6 4. Nc3 a6 5. a4 d6 6. d4 cxd4 7. Nxd4 Qc7 8. Bb3
Nf6 9. Bg5 Be7 10. O-O O-O 11. Kh1 h6 12. Bh4 Re8 13. f4 Nh7 14. Bxe7 Qxe7 15.
f5 Nxd4 16. Qxd4 e5 17. Qe3 Nf6 18. Nd5 Qd8 19. Nxf6+ Qxf6 20. Rad1 Bd7 21. Qd3
Bc6 22. Rfe1 Rac8 23. Qxd6 Rcd8 24. Qxf6 gxf6 25. Rd3 Rd4 26. Kg1 Bxe4 27. Rxd4
exd4 28. Bd5 Bxd5 29. Rxe8+ Kg7 30. Rd8 Be4 31. Rxd4 Bxc2 32. Rb4 h5 33. Kf2
Kf8 34. Ke3 Bxf5 35. Rxb7 Be6 36. Kd4 Ke8 37. Kc5 h4 38. Ra7 Bc8 39. Ra8 Kd7
40. Rxc8 Kxc8 41. Kb6 f5 42. h3 a5 43. Kxa5 f4 44. b4 Kb7 45. b5 Kc7 46. Ka6
Kb8 47. b6 f6 48. a5 f5 49. Kb5 Ka8 50. a6 Kb8 51. a7+ Kb7 52. Kc5 Ka8 53. Kc6
f3 54. gxf3 f4 55. b7+ 1-0

[Event "Kasseler Schachtage Gruppe B"]
[Site "Vellmar"]
[Date "2009.08.02"]
[Round "7.3"]
[White "Heckmann, Torsten"]
[Black "Naujocks, Christian"]
[Result "1-0"]
[WhiteElo "1668"]
[BlackElo "1560"]
[PlyCount "43"]
[EventDate "2009.??.??"]
[EventCountry "GER"]
[WhiteTeam "SV CAISSA e. V. Kassel"]
[BlackTeam "Sfr. Korbach"]

1. e4 c5 2. c3 Nf6 3. e5 Nd5 4. d4 cxd4 5. cxd4 e6 6. Bc4 Nb6 7. Bb3 Qc7 8. Be3
Nc6 9. Nc3 Bb4 10. Nge2 O-O 11. O-O a6 12. Rc1 Be7 13. f4 d6 14. Ng3 d5 15. f5
exf5 16. Nxf5 Be6 17. Bc2 Kh8 18. Nxg7 Rg8 19. Nxe6 fxe6 20. Rf7 Rg7 21. Rxg7
Kxg7 22. Qh5 1-0

[Event "Kasseler Schachtage Gruppe B"]
[Site "Vellmar"]
[Date "2009.08.02"]
[Round "7.4"]
[White "Shkolnyk, Anastasiya"]
[Black "Gibhardt, Peter"]
[Result "1-0"]
[WhiteElo "1491"]
[BlackElo "1487"]
[PlyCount "29"]
[EventDate "2009.??.??"]
[EventCountry "GER"]
[WhiteTeam "Sfr. Korbach"]
[BlackTeam "SK Baunatal 1963"]

1. e4 c5 2. Nf3 e6 3. d4 cxd4 4. Nxd4 Bc5 5. Be2 Qb6 6. c3 Nc6 7. O-O Nxd4 8.
cxd4 Bxd4 9. Nd2 Ne7 10. Nc4 Qc5 11. b4 Qxb4 12. Qxd4 O-O 13. Bb2 f6 14. Ba3
Nc6 15. Qe3 1-0

[Event "Kasseler Schachtage Gruppe B"]
[Site "Vellmar"]
[Date "2009.08.02"]
[Round "7.5"]
[White "Rehbein, Ullrich"]
[Black "Niemeyer, Norbert"]
[Result "1-0"]
[WhiteElo "1724"]
[BlackElo "1556"]
[PlyCount "45"]
[EventDate "2009.??.??"]
[EventCountry "GER"]
[WhiteTeam "SK 1950 Vellmar"]
[BlackTeam "Mündener SC von 1925"]

1. Nf3 d5 2. c4 e6 3. d4 Nf6 4. Nc3 c5 5. Bg5 cxd4 6. Nxd4 Be7 7. g3 Nc6 8. Bg2
e5 9. Nxc6 bxc6 10. Bxf6 Bxf6 11. cxd5 O-O 12. dxc6 Qxd1+ 13. Rxd1 Ba6 14. Nd5
Rac8 15. Nxf6+ gxf6 16. Rd7 Bb5 17. Rd6 Kg7 18. O-O Bxe2 19. Rc1 Bg4 20. Bd5
Rc7 21. Rc4 Bc8 22. a4 a6 23. b4 1-0

[Event "Kasseler Schachtage Gruppe B"]
[Site "Vellmar"]
[Date "2009.08.02"]
[Round "7.6"]
[White "Käding, Wolfgang"]
[Black "Kirsch, Winfried"]
[Result "1/2-1/2"]
[WhiteElo "1613"]
[BlackElo "1514"]
[PlyCount "98"]
[EventDate "2009.??.??"]
[EventCountry "GER"]
[WhiteTeam "Sfr. Korbach"]
[BlackTeam "Mündener SC von 1925"]

1. e4 e5 2. Nf3 Nf6 3. Nc3 Nc6 4. d4 exd4 5. Nxd4 Bb4 6. Nxc6 Bxc3+ 7. bxc3
bxc6 8. Ba3 d6 9. f3 O-O 10. Bd3 Re8 11. O-O d5 12. Re1 dxe4 13. Bxe4 Nxe4 14.
Rxe4 Qxd1+ 15. Rxd1 Bf5 16. Rxe8+ Rxe8 17. Rd2 f6 18. Kf2 Kf7 19. c4 Re5 20. c5
Be6 21. c3 Rd5 22. Rb2 Bd7 23. Ke3 Re5+ 24. Kf2 Rd5 25. Ke3 Re5+ 26. Kd4 Rd5+
27. Kc4 Be6 28. Kb4 Bf5 29. Ka5 Bc8 30. Rb8 Rd8 31. Ra8 a6 32. Bc1 g5 33. f4 h6
34. fxg5 hxg5 35. Be3 Re8 36. Bd4 Ke6 37. Rb8 Kf7 38. Rb2 g4 39. Rf2 f5 40. Kb4
Be6 41. c4 Bc8 42. Kc3 Kg6 43. Kd3 Be6 44. Bb2 Bf7 45. Bc1 Re4 46. Rc2 Kh5 47.
g3 Kg6 48. Bf4 Re7 49. Rb2 Re4 1/2-1/2

[Event "Kasseler Schachtage Gruppe B"]
[Site "Vellmar"]
[Date "2009.08.02"]
[Round "7.8"]
[White "Smirnov, Alexej"]
[Black "Pichl, Uwe-Rolf"]
[Result "1-0"]
[WhiteElo "1334"]
[BlackElo "1770"]
[PlyCount "59"]
[EventDate "2009.??.??"]
[EventCountry "GER"]
[WhiteTeam "SV Bückeburg"]
[BlackTeam "Kasseler SK 1876"]

1. e4 c5 2. Nf3 Nc6 3. d4 cxd4 4. Nxd4 g6 5. Nc3 Bg7 6. Be3 Nf6 7. f3 a6 8. Qd2
b5 9. O-O-O Ne5 10. h4 Nc4 11. Bxc4 bxc4 12. Bh6 O-O 13. h5 Qc7 14. hxg6 fxg6
15. Bxg7 Kxg7 16. Qh6+ Kf7 17. Nd5 Qd6 18. Nxf6 Qxf6 19. Qxh7+ Qg7 20. Qxg7+
Kxg7 21. Rh4 Bb7 22. Ne2 Rad8 23. Rdh1 e5 24. Rh7+ Kf6 25. Nc3 Bc6 26. Rd1 Ra8
27. Rdh1 Rad8 28. Rd1 Rh8 29. Rd6+ Kg5 30. Rg7 1-0

[Event "Kasseler Schachtage Gruppe B"]
[Site "Vellmar"]
[Date "2009.08.02"]
[Round "7.9"]
[White "Powalla, Christian"]
[Black "Schippa, Robert"]
[Result "1/2-1/2"]
[WhiteElo "1455"]
[BlackElo "1594"]
[PlyCount "32"]
[EventDate "2009.??.??"]
[EventCountry "GER"]
[WhiteTeam "SV CAISSA e. V. Kassel"]
[BlackTeam "SV Bückeburg"]

1. e4 c5 2. Nf3 d6 3. Nc3 g6 4. Bb5+ Bd7 5. Bxd7+ Qxd7 6. O-O Bg7 7. d4 cxd4 8.
Nxd4 Nf6 9. f4 O-O 10. Qe2 Ng4 11. Be3 e5 12. Nb3 Nc6 13. f5 Nxe3 14. Qxe3 Nd4
15. Qf2 Nxb3 16. axb3 gxf5 1/2-1/2

[Event "Kasseler Schachtage Gruppe B"]
[Site "Vellmar"]
[Date "2009.08.02"]
[Round "7.10"]
[White "Kleist, Sören"]
[Black "Kretzschmar, Arnd"]
[Result "1-0"]
[WhiteElo "1328"]
[BlackElo "1316"]
[PlyCount "57"]
[EventDate "2009.??.??"]
[EventCountry "GER"]
[WhiteTeam "SV Bückeburg"]
[BlackTeam "SG Döllnitz"]

1. e4 e6 2. d4 d5 3. exd5 exd5 4. c4 Nf6 5. Nf3 Bb4+ 6. Bd2 Bxd2+ 7. Nbxd2 O-O
8. Be2 Bg4 9. h3 Bh5 10. O-O Nc6 11. Re1 Bxf3 12. Nxf3 Re8 13. Rc1 Qd7 14. cxd5
Qxd5 15. Bc4 Qd7 16. Qb3 Rxe1+ 17. Rxe1 Na5 18. Qc3 Nxc4 19. Qxc4 c6 20. Ne5
Qd5 21. Qb4 b6 22. Qe7 Qxa2 23. Ng4 h5 24. Nxf6+ gxf6 25. Qxf6 Rf8 26. Re5 Qb1+
27. Kh2 Qg6 28. Rg5 Qxg5 29. Qxg5+ 1-0

[Event "Kasseler Schachtage Gruppe B"]
[Site "Vellmar"]
[Date "2009.08.02"]
[Round "7.12"]
[White "Kaierle, Dieter"]
[Black "Karnbach, Oliver"]
[Result "0-1"]
[WhiteElo "1394"]
[BlackElo "1213"]
[PlyCount "74"]
[EventDate "2009.??.??"]
[EventCountry "GER"]
[WhiteTeam "SC Fuldatal"]
[BlackTeam "SV Bückeburg"]

1. e4 e5 2. Nf3 Nf6 3. Nc3 Nc6 4. Bc4 Bb4 5. d3 d6 6. h3 Na5 7. Bb5+ c6 8. Ba4
b5 9. Bb3 Nxb3 10. axb3 h6 11. O-O O-O 12. Na2 Bc5 13. c3 Be6 14. Re1 Bb6 15.
d4 Qc7 16. Qc2 Rfe8 17. Be3 a5 18. dxe5 dxe5 19. Bxb6 Qxb6 20. Nxe5 Bxb3 21.
Qxb3 Rxe5 22. Rad1 Rae8 23. Nc1 Rxe4 24. Rf1 Qc7 25. Nd3 Rh4 26. f4 Nd5 27. f5
a4 28. Qa2 Re2 29. Rde1 Nxc3 30. Qa1 Rxe1 31. Rxe1 Nd5 32. Re8+ Kh7 33. Qe1 Rh5
34. g4 Rxh3 35. Ne5 Re3 36. Qh4 Rxe5 37. Rf8 Qe7 0-1

[Event "Kasseler Schachtage Gruppe B"]
[Site "Vellmar"]
[Date "2009.08.02"]
[Round "7.13"]
[White "Engel, Markus"]
[Black "Weindel, Joshua"]
[Result "1/2-1/2"]
[WhiteElo "1390"]
[BlackElo "1194"]
[PlyCount "58"]
[EventDate "2009.??.??"]
[EventCountry "GER"]
[WhiteTeam "Kasseler SK 1876"]
[BlackTeam "SK Landau"]

1. Nf3 c5 2. e4 Nc6 3. d4 cxd4 4. Nxd4 Nf6 5. Nc3 e5 6. Nxc6 bxc6 7. Bc4 Rb8 8.
a3 a5 9. O-O Bc5 10. Rb1 h6 11. Kh1 O-O 12. f4 d6 13. f5 Bd4 14. Rf3 Bxc3 15.
Rxc3 Nxe4 16. Rf3 d5 17. Ba2 Ba6 18. b4 axb4 19. Rxb4 Rxb4 20. axb4 Qb6 21. Qe1
Rb8 22. c3 Qb5 23. Bb1 Qe2 24. Qxe2 Bxe2 25. Re3 Bg4 26. Bxe4 dxe4 27. Rxe4
Bxf5 28. Rxe5 Rd8 29. Re1 Bc2 1/2-1/2

[Event "Kasseler Schachtage Gruppe B"]
[Site "Vellmar"]
[Date "2009.08.02"]
[Round "7.14"]
[White "Meiss, Sven"]
[Black "Kowohl, Ewald"]
[Result "1-0"]
[WhiteElo "1372"]
[BlackElo "1178"]
[PlyCount "37"]
[EventDate "2009.??.??"]
[EventCountry "GER"]
[WhiteTeam "Ahnataler SC 1969 e.V. (ASC69)"]
[BlackTeam "SK 1947 Sulzfeld"]

1. e4 e6 2. c4 Nc6 3. Nf3 b6 4. d4 d5 5. Bd3 Be7 6. e5 Bb7 7. O-O Nb4 8. Be2 f6
9. a3 Nc6 10. Nc3 Na5 11. cxd5 exd5 12. Re1 Qd7 13. e6 Qc8 14. Bf4 a6 15. Bd3
b5 16. Qc2 Qd8 17. Bxh7 Kf8 18. Nh4 Rxh7 19. Qxh7 1-0

[Event "Kasseler Schachtage Gruppe B"]
[Site "Vellmar"]
[Date "2009.08.02"]
[Round "7.15"]
[White "Krause, Jörg"]
[Black "Breiter, Jürgen"]
[Result "1-0"]
[WhiteElo "1081"]
[BlackElo "1353"]
[PlyCount "38"]
[EventDate "2009.??.??"]
[EventCountry "GER"]
[WhiteTeam "Mündener SC von 1925"]
[BlackTeam "Kasseler SK 1876"]

1. d4 d5 2. e4 dxe4 3. Nc3 e6 4. Nxe4 Be7 5. c3 Nf6 6. Bd3 Nxe4 7. Bxe4 c6 8.
Nf3 O-O 9. Qc2 f5 10. Bd3 Nd7 11. g4 g6 12. gxf5 exf5 13. h4 Nf6 14. Bh6 Re8
15. Bc4+ Kh8 16. Ne5 Bd6 17. O-O-O Bxe5 18. dxe5 Qa5 19. exf6 Be6 1-0

[Event "Kasseler Schachtage Gruppe B"]
[Site "Vellmar"]
[Date "2009.08.02"]
[Round "7.16"]
[White "Schützler, Bernd"]
[Black "Pohl, Mike"]
[Result "0-1"]
[WhiteElo "1081"]
[BlackElo "1229"]
[PlyCount "60"]
[EventDate "2009.??.??"]
[EventCountry "GER"]
[WhiteTeam "SVg Calenberg"]
[BlackTeam "Schachfreunde Battenberg"]

1. e4 e5 2. Nf3 Nc6 3. Nc3 Nf6 4. d4 exd4 5. Nxd4 Bc5 6. Nxc6 bxc6 7. Be2 Qe7
8. Qd3 O-O 9. O-O a5 10. Qf3 Bd4 11. Bd3 Re8 12. Re1 d5 13. Bg5 h6 14. exd5
Qxe1+ 15. Rxe1 Rxe1+ 16. Bf1 Ba6 17. h3 Rxf1+ 18. Kh2 Bxc3 19. bxc3 hxg5 20.
dxc6 Re8 21. Qg3 Re7 22. Qxg5 Rxf2 23. Qxa5 Ree2 24. Kg3 Rxg2+ 25. Kf4 Rgf2+
26. Kg3 Ne4+ 27. Kg4 Bc8+ 28. Kh4 Rf4+ 29. Kh5 g6+ 30. Kh6 Rh4+ 0-1